UM Logo

A second-harmonic suppression method based on differentiated-capacitance design for input-parallel output-series DAB fed single-phase VSI / (Record no. 19969)

MARC details
000 -LEADER
fixed length control field 01131nam a22002537a 4500
003 - CONTROL NUMBER IDENTIFIER
control field OSt
005 - DATE AND TIME OF LATEST TRANSACTION
control field 20251001180851.0
008 - FIXED-LENGTH DATA ELEMENTS--GENERAL INFORMATION
fixed length control field 240403b ||||| |||| 00| 0 eng d
040 ## - CATALOGING SOURCE
Transcribing agency 0
082 ## - DEWEY DECIMAL CLASSIFICATION NUMBER
Classification number DPer 621.317 Ie21 October 2022 v. 37 n. 10
100 ## - MAIN ENTRY--PERSONAL NAME
Personal name Li, Zhenchao.
Relator term author.
9 (RLIN) 55841
245 ## - TITLE STATEMENT
Title A second-harmonic suppression method based on differentiated-capacitance design for input-parallel output-series DAB fed single-phase VSI /
Statement of responsibility, etc. Zhenchao Li, Yan Zhang, Jinjun Liu, Ziyin Wang, Yuwei Wu, Ning Li, and Junmin Si.
260 ## - PUBLICATION, DISTRIBUTION, ETC. (IMPRINT)
Place of publication, distribution, etc. New York ;
Name of publisher, distributor, etc. The Institute of Electrical and Electronics Engineers, Inc. ,
Date of publication, distribution, etc. October 2022.
300 ## - PHYSICAL DESCRIPTION
Extent Volume 37, pages 11592-11606 :
Other physical details illustration ;
Dimensions 29 cm.
500 ## - GENERAL NOTE
General note IEEE Transactions on Power Electronics, v. 37, n. 10, pages 11592-11606, October 2022.
700 ## - ADDED ENTRY--PERSONAL NAME
Personal name Li, Zhenchao.
Relator term author.
9 (RLIN) 55841
700 ## - ADDED ENTRY--PERSONAL NAME
Personal name Zhang, Yan.
Relator term author.
9 (RLIN) 55842
700 ## - ADDED ENTRY--PERSONAL NAME
Personal name Liu, Jinjun.
Relator term author.
9 (RLIN) 55843
700 ## - ADDED ENTRY--PERSONAL NAME
Personal name Wang, Ziyin.
Relator term author.
9 (RLIN) 55844
700 ## - ADDED ENTRY--PERSONAL NAME
Personal name Wu, Yuwei.
Relator term author.
9 (RLIN) 55845
700 ## - ADDED ENTRY--PERSONAL NAME
Personal name Li, Ning.
Relator term author.
9 (RLIN) 55846
700 ## - ADDED ENTRY--PERSONAL NAME
Personal name Si, Junmin.
Relator term author.
9 (RLIN) 55847
942 ## - ADDED ENTRY ELEMENTS (KOHA)
Source of classification or shelving scheme Dewey Decimal Classification
Koha item type Periodicals
Holdings
Withdrawn status Lost status Source of classification or shelving scheme Damaged status Not for loan Collection code Home library Current library Date acquired Total Checkouts Full call number Date last seen Price effective from Koha item type Public note
    Dewey Decimal Classification     Periodicals UM Digos College - LIC UM Digos College - LIC 04/03/2024   DPer 621.317 Ie21 October 2022 v. 37 n. 10 04/03/2024 04/03/2024 Periodicals Periodical Article